<?xml version="1.0" encoding="UTF-8"?>
<record
    xmlns:xsi="http://www.w3.org/2001/XMLSchema-instance"
    xsi:schemaLocation="http://www.loc.gov/MARC21/slim http://www.loc.gov/standards/marcxml/schema/MARC21slim.xsd"
    xmlns="http://www.loc.gov/MARC21/slim">

  <leader>01416nam a22002057a 4500</leader>
  <controlfield tag="005">20250221111530.0</controlfield>
  <controlfield tag="008">250221b           ||||| |||| 00| 0 eng d</controlfield>
  <datafield tag="020" ind1=" " ind2=" ">
    <subfield code="a">9783658451356</subfield>
  </datafield>
  <datafield tag="040" ind1=" " ind2=" ">
    <subfield code="c">AL</subfield>
  </datafield>
  <datafield tag="041" ind1=" " ind2=" ">
    <subfield code="a">eng</subfield>
  </datafield>
  <datafield tag="082" ind1=" " ind2=" ">
    <subfield code="2">23</subfield>
    <subfield code="a">330.1</subfield>
    <subfield code="b">HOLN</subfield>
  </datafield>
  <datafield tag="100" ind1=" " ind2=" ">
    <subfield code="a">Vinzenz Von Holle</subfield>
    <subfield code="9">201676</subfield>
  </datafield>
  <datafield tag="245" ind1=" " ind2=" ">
    <subfield code="a">New economic theory</subfield>
  </datafield>
  <datafield tag="260" ind1=" " ind2=" ">
    <subfield code="a">Switzerland</subfield>
    <subfield code="b">Springer Publication</subfield>
    <subfield code="c">2024</subfield>
  </datafield>
  <datafield tag="300" ind1=" " ind2=" ">
    <subfield code="a">xii,234p.</subfield>
    <subfield code="b">PB</subfield>
    <subfield code="c">23.5x15.5cm.</subfield>
  </datafield>
  <datafield tag="365" ind1=" " ind2=" ">
    <subfield code="2">General</subfield>
    <subfield code="a">6383</subfield>
    <subfield code="b">&#x20B9;4351.67</subfield>
    <subfield code="c">&#x20B9;</subfield>
    <subfield code="d">&#x20B9;55579.00</subfield>
    <subfield code="e">22%</subfield>
    <subfield code="f">06-02-2025</subfield>
  </datafield>
  <datafield tag="520" ind1=" " ind2=" ">
    <subfield code="a">The standard economic theory, despite its many advantages, has a significant weakness: it is only of limited applicability to the economic reality of practice. Therefore, the book presents a new economic theory that is completely oriented towards the reality of economic practice. In this new theory, human beings are not just actors but constitute the central element from which the theory and everything else derive: work, production, consumption, demand, supply, exchange, trade, markets, stock exchanges, money, state economics, and global economics with all their complexities. Unlike the standard model, the new theory employs a holistic approach in its methodology. With this new and differentiated economic perspective and mindset, the new theory is capable of initiating a paradigm shift in the discipline of economics.</subfield>
  </datafield>
  <datafield tag="650" ind1=" " ind2=" ">
    <subfield code="2">Economics</subfield>
    <subfield code="a"> Economic Theory</subfield>
    <subfield code="9">201677</subfield>
  </datafield>
  <datafield tag="942" ind1=" " ind2=" ">
    <subfield code="2">ddc</subfield>
    <subfield code="c">BK</subfield>
  </datafield>
  <datafield tag="999" ind1=" " ind2=" ">
    <subfield code="c">233857</subfield>
    <subfield code="d">233857</subfield>
  </datafield>
  <datafield tag="952" ind1=" " ind2=" ">
    <subfield code="0">0</subfield>
    <subfield code="1">0</subfield>
    <subfield code="2">ddc</subfield>
    <subfield code="4">0</subfield>
    <subfield code="7">0</subfield>
    <subfield code="8">ECO</subfield>
    <subfield code="a">SACPG</subfield>
    <subfield code="b">SACPG</subfield>
    <subfield code="d">2025-02-11</subfield>
    <subfield code="e">Bblios Book Ponit</subfield>
    <subfield code="g">4351.67</subfield>
    <subfield code="l">0</subfield>
    <subfield code="o">330.1 HOLN</subfield>
    <subfield code="p">PG024924</subfield>
    <subfield code="r">2025-02-21 00:00:00</subfield>
    <subfield code="v">5579.00</subfield>
    <subfield code="w">2025-02-21</subfield>
    <subfield code="y">BK</subfield>
  </datafield>
</record>
